Τα χρόνια της εφηβείας. Η διαμόρφωση των ομάδων
Αποθηκεύτηκε σε:
| Κύριος συγγραφέας: | |
|---|---|
| Μορφή: | Βιβλίο |
| Γλώσσα: | Greek |
| Δημοσίευση: |
Αθήνα :
Γλάρος,
1980
|
| Σειρά: | Ανθρωπιστικές επιστήμες ;
; 8 |
| Θέματα: | |
| Ετικέτες: |
Προσθήκη ετικέτας
Δεν υπάρχουν, Καταχωρήστε ετικέτα πρώτοι!
|
MARC
| LEADER | 00000nam a2200000 i 4500 | ||
|---|---|---|---|
| 001 | 1/85210 | ||
| 008 | 960701s1980 gre d | ||
| 035 | |a 1986 |c Αγορά |l 10034641 | ||
| 040 | |a GR-MY-UA |b gre |e aacr | ||
| 041 | 0 | |a gre | |
| 082 | 0 | |a 155.5 | |
| 100 | 1 | |a Deutsch, Helene |d 1884- | |
| 245 | 1 | 3 | |a Τα χρόνια της εφηβείας. Η διαμόρφωση των ομάδων / |c Helene Deutsch |
| 260 | |a Αθήνα : |b Γλάρος, |c 1980 | ||
| 300 | |a 155 σ. | ||
| 490 | 1 | |a Ανθρωπιστικές επιστήμες |v ; 8 | |
| 650 | 0 | 0 | |a Adolescent psychology. |
| 650 | 0 | 0 | |a Teenage boys. |
| 650 | 0 | 0 | |a Teenage girls. |
| 830 | 0 | |a Ανθρωπιστικές επιστήμες ; |v ; 8 | |
| 852 | |a INST |b RHODES |e 19960701 |h 155.5 DEU |p 005400004718 |q 005400004718 |t BK |y 0 | ||
| 909 | |a Ρ |b 004991 |c 1986 | ||